000 00662nam a22002057a 4500
005 20160112130213.0
010 _aENG-114402
020 _a9789351436089
_c1295.00
035 _aEN-97934
037 _bDBAD/PUB
082 _a382.0954
100 _aKalirajan D.
245 _aPractical giude on foreign trade policy /
_cby Kalirajan D ; foreworded by R. Venkatramani
260 _aGurgaon
_bLexisNexis
_c2015
270 _a14th Floor, Building No.10, Tower-B, DLF Cyber City, Phase-II
_bGurgaon
_e122002
300 _axxii,1599p.
_c25cm(pbk)
500 _aIncludes index
700 _aVenkataramani, R.
942 _2ddc
_cEN
_mKAL
_h382.0954
999 _c97953
_d97953